| 000 | 006710000a22002530004500 | ||
|---|---|---|---|
| 650 | _aTaxation | ||
| 650 | _aTaxes | ||
| 650 | _aFees | ||
| 650 | _aLocal finance | ||
| 650 | _aLocal taxes | ||
| 650 | _aTax collection | ||
| 650 | _aPublic finance | ||
| 650 | _aUrban development | ||
| 650 | _aPromotion of Urban development through local efforts project | ||
| 082 |
_a336.2014 _bW892h _cN |
||
| 518 | _a20000730 | ||
| 530 | _aM | ||
| 245 | _aHouse numbering database linkage with local taxation/fees | ||
| 260 |
_aLalitpur _bMinistry of Housing and Physical Planning, Nepal |
||
| 260 | _c1997 | ||
| 041 | _aEng | ||
| 300 |
_av.p. _billus. |
||
| 942 | _cGEN | ||
| 999 |
_c21721 _d21721 |
||